Hướng dẫn tự học Microsoft Word 2013

Giới thiệu các tính năng cơ bản và một số phần cải tiến, bổ sung của chương trình Microsoft Officce Word 2013.

محفوظ في:
التفاصيل البيبلوغرافية
المؤلف الرئيسي: VL.COMP
التنسيق: كتاب
اللغة:Undetermined
منشور في: H. Từ điển Bách Khoa 2013
الموضوعات:
الوصول للمادة أونلاين:http://lrc.tdmu.edu.vn/opac/search/detail.asp?aID=2&ID=21721
الوسوم: إضافة وسم
لا توجد وسوم, كن أول من يضع وسما على هذه التسجيلة!
Thư viện lưu trữ: Trung tâm Học liệu Trường Đại học Thủ Dầu Một
LEADER 00831nam a2200205Ia 4500
001 TDMU_21721
008 210410s9999 xx 000 0 und d
082 |a 005.52 
090 |b H561 
100 |a VL.COMP 
245 0 |a Hướng dẫn tự học Microsoft Word 2013 
245 0 |c VL.COMP (tổng hợp và biên soạn) 
260 |a H. 
260 |b Từ điển Bách Khoa 
260 |c 2013 
300 |a 255tr. 
520 |a Giới thiệu các tính năng cơ bản và một số phần cải tiến, bổ sung của chương trình Microsoft Officce Word 2013. 
650 |a Tin học văn phòng  |x Microsoft Word; Microsoft Word 2013 
856 |u http://lrc.tdmu.edu.vn/opac/search/detail.asp?aID=2&ID=21721 
980 |a Trung tâm Học liệu Trường Đại học Thủ Dầu Một